Statistieken voor Oeganda Trivia Quiz

Klik hier om de quiz te nemen!

Algemene statistieken

  • Deze quiz is 230 keer genomen
  • De gemiddelde score is 12 van 17

Antwoordstatistieken

HintAntwoord% Correct
Aangrenzende landenRwanda
94%
Aangrenzende landenTanzania
91%
Aangrenzende landenDemocratische Republiek Congo
90%
Officiële talenEngels
90%
Aangrenzende landenKenia
90%
Aangrenzende landenZuid-Soedan
83%
Een groot deel van Oeganda's grondgebied wordt in beslag genomen door dit grote Afrikaanse Meer{Victoria}meer
82%
HoofdstadKampala
79%
Officiële talenSwahili
78%
Grootste export (een boon)Koffie
75%
Gemiddelde leeftijd van Oegandese burgers afgerond naar het dichtstbijzijnde jaar16
61%
Dictator die bekend staat als "De Slager van Oeganda"Idi Amin
52%
Hoogste berg, vernoemd naar een Britse ontdekkingsreizigerMt. Stanley
47%
ValutaShilling
42%
Vogel die op de vlag te zien isDe grijze kroon{kraan}
38%
Leider van die groepJoseph Kony
34%
Terroristengroep die kindersoldaten gebruiktVerzetsleger van de {Heer}
31%

Scoreverdeling

Percentiel versus Aantal Correcte Antwoorden

Procent van Mensen met Elke Score

Uw Scoregeschiedenis

U heeft deze quiz nog niet genomen